[Event "Prva liga CS"]
[Site "www.sah-srbija.com"]
[Date "2013.09.18"]
[Round "?"]
[White "Pancevski Filip"]
[Black "Atalik Suat"]
[Result "1/2-1/2"]
[WhiteElo "2500"]
[BlackElo "2566"]
[PlyCount "114"]
[EventDate "2013.??.??"]

1. e4 e5 2. Nf3 Nc6 3. Bb5 a6 4. Ba4 d6 5. c3 Bd7 6. O-O Nge7 7. d4 Ng6 8. Nbd2
Be7 9. Re1 O-O 10. Nf1 Nh4 11. Nxh4 Bxh4 12. Be3 Re8 13. Bc2 Bg5 14. Qd2 Bxe3
15. Nxe3 Qg5 16. Rf1 Ne7 17. dxe5 Qxe5 18. f4 Qc5 19. Qd4 Qa7 20. Rad1 Bc6 21.
Qxa7 Rxa7 22. Rfe1 Raa8 23. g3 Kf8 24. Kf2 Ng8 25. Nd5 Rac8 26. Rd2 Nf6 27.
Nxf6 gxf6 28. e5 fxe5 29. fxe5 Rxe5 30. Rxe5 dxe5 31. Bxh7 Ke7 32. Bf5 Rh8 33.
Ke3 Rh5 34. Rf2 Bd5 35. b4 Be6 36. Bd3 f5 37. a4 Kd6 38. a5 Bc8 39. Bf1 b6 40.
Rd2+ Ke7 41. axb6 cxb6 42. Ra2 b5 43. c4 Be6 44. Rxa6 bxc4 45. h4 f4+ 46. Kf2
fxg3+ 47. Kxg3 e4 48. Rc6 Kd7 49. b5 Bd5 50. Rc5 Kd6 51. Rc8 e3 52. Bxc4 Bxc4
53. Rxc4 Rxb5 54. Re4 Re5 55. Rxe5 Kxe5 56. Kf3 Kf5 57. Kxe3 Ke5 1/2-1/2

[Event "Prva liga CS"]
[Site "www.sah-srbija.com"]
[Date "2013.09.18"]
[Round "?"]
[White "Nestorovic Nikola"]
[Black "Zajic Milan"]
[Result "0-1"]
[WhiteElo "2439"]
[BlackElo "2302"]
[PlyCount "80"]
[EventDate "2013.??.??"]

1. e4 d5 2. d4 e6 3. Nc3 Bb4 4. a3 Bxc3+ 5. bxc3 dxe4 6. Qg4 Nf6 7. Qxg7 Rg8 8.
Qh6 Nbd7 9. a4 c5 10. a5 Qc7 11. Qd2 Qc6 12. Ne2 b6 13. c4 Ba6 14. Qc3 b5 15.
cxb5 Bxb5 16. dxc5 Bxe2 17. Bxe2 Rxg2 18. Rb1 Qxc5 19. Qxc5 Nxc5 20. Bf4 Rg8
21. Bd6 Nfd7 22. Bb5 a6 23. Be2 Rc8 24. Kd2 Rc6 25. Bxc5 Rxc5 26. Bxa6 Rxa5 27.
Bb5 Ke7 28. Bxd7 Rd8 29. Rb7 Rxd7+ 30. Rxd7+ Kxd7 31. Ke3 f5 32. Rg1 Ra3+ 33.
Kd4 Rf3 34. Rg2 Kd6 35. c3 h5 36. Kc4 h4 37. Kd4 h3 38. Rg3 e5+ 39. Kc4 Rxg3
40. fxg3 Kc6 0-1

[Event "Prva liga CS"]
[Site "www.sah-srbija.com"]
[Date "2013.09.18"]
[Round "?"]
[White "Brankovic Dejan"]
[Black "Marinkovic Ivan"]
[Result "1/2-1/2"]
[WhiteElo "2364"]
[BlackElo "2448"]
[PlyCount "45"]
[EventDate "2013.??.??"]

1. e4 Nf6 2. e5 Nd5 3. c4 Nb6 4. d4 d6 5. f4 g6 6. h3 dxe5 7. fxe5 c5 8. d5 e6
9. Nf3 exd5 10. Bg5 Be7 11. Bxe7 Qxe7 12. cxd5 O-O 13. Nc3 N8d7 14. e6 fxe6 15.
d6 Qf6 16. Be2 Ne5 17. O-O Bd7 18. Rc1 Qf4 19. Nxe5 Qe3+ 20. Kh1 Rxf1+ 21. Qxf1
Qxe5 22. Bf3 Rf8 23. Qd3 1/2-1/2

[Event "Prva liga CS"]
[Site "www.sah-srbija.com"]
[Date "2013.09.18"]
[Round "?"]
[White "Cvetanovic Uros"]
[Black "Nestorovic Lazar"]
[Result "1-0"]
[WhiteElo "2258"]
[BlackElo "2391"]
[PlyCount "69"]
[EventDate "2013.??.??"]

1. e4 e5 2. Nc3 Nf6 3. Bc4 Bc5 4. d3 c6 5. f4 d5 6. exd5 Ng4 7. Ne4 Bxg1 8.
Rxg1 cxd5 9. h3 Nh6 10. Qh5 dxe4 11. Qxe5+ Qe7 12. Qxe7+ Kxe7 13. dxe4 Nc6 14.
b3 Rd8 15. Bb2 f6 16. g4 Nf7 17. h4 Nd6 18. Ba3 Kd7 19. O-O-O Kc7 20. Bd5 Ne8
21. g5 g6 22. c4 Rd7 23. h5 gxh5 24. gxf6 Nxf6 25. e5 Ng4 26. e6 Rd8 27. Rge1
Re8 28. f5 h4 29. Bb2 h3 30. f6 Bxe6 31. Rxe6 Nf2 32. Rxe8 Rxe8 33. f7 Rf8 34.
Ba3 Nxd1 35. Bxf8 1-0

[Event "Prva liga centralne Srbije 2013"]
[Site "Kragujevac"]
[Date "2013.09.18"]
[Round "6.1"]
[White "Nestorovic, Dejan"]
[Black "Pavlovic, Milos"]
[Result "0-1"]
[WhiteElo "2437"]
[BlackElo "2496"]
[PlyCount "98"]
[EventDate "2013.09.14"]

1. d4 g6 2. c4 Bg7 3. e4 d6 4. Nc3 Nf6 5. Nf3 O-O 6. Be2 c5 7. d5 e6 8. O-O
exd5 9. cxd5 a6 10. a4 Bg4 11. Bf4 Bxf3 12. Bxf3 Qe7 13. Qd2 Nbd7 14. a5 Rfe8
15. Rfe1 h5 16. h3 Nh7 17. Bd1 Ne5 18. Na4 Nc4 19. Qc2 Qf6 20. Bc1 Qd4 21. Nc3
Qf6 22. Be2 Ne5 23. f4 Qh4 24. Be3 Nd7 25. Bf3 Bd4 26. Qf2 Bxe3 27. Qxe3 g5 28.
Ne2 Ndf6 29. e5 gxf4 30. Qxf4 Qxf4 31. Nxf4 dxe5 32. Nxh5 e4 33. Nxf6+ Nxf6 34.
Be2 Re5 35. Bc4 Ne8 36. b3 Nd6 37. g4 f5 38. gxf5 Kf7 39. Ra2 Rh8 40. Kh2 Rxf5
41. Rf1 Rxf1 42. Bxf1 Kf6 43. Rc2 Rc8 44. Be2 Ke5 45. Bg4 Rc7 46. Be6 e3 47.
Kg2 Nb5 48. Kf1 Nd4 49. Rg2 Rh7 0-1

[Event "Prva liga centralne Srbije 2013"]
[Site "Kragujevac"]
[Date "2013.09.18"]
[Round "6.1"]
[White "Roganovic, Milos"]
[Black "Milenkovic, Mladen"]
[Result "1-0"]
[WhiteElo "2497"]
[BlackElo "2381"]
[PlyCount "85"]
[EventDate "2013.09.14"]

1. e4 c5 2. Nf3 d6 3. d4 cxd4 4. Nxd4 Nf6 5. Nc3 a6 6. Bg5 Nbd7 7. f4 Qb6 8.
Qd2 Qxb2 9. Nb3 Qa3 10. Bd3 Qb4 11. O-O e5 12. a4 Qb6+ 13. Kh1 h6 14. fxe5 dxe5
15. Be3 Qc7 16. Nd5 Nxd5 17. exd5 Nf6 18. c4 e4 19. Rae1 Be7 20. Bf4 Qb6 21.
Bxe4 Bb4 22. Bc2+ Kf8 23. Qe3 Qxe3 24. Rxe3 Bd7 25. c5 Nxd5 26. Bd6+ Kg8 27.
Re5 Nf6 28. Re7 Re8 29. Nd4 Rxe7 30. Bxe7 Nd5 31. Bb3 Bc6 32. Bd6 Kh7 33. Bc2+
Kg8 34. Bb3 Kh7 35. Bc2+ Kg8 36. Be4 f6 37. Nxc6 bxc6 38. Bg6 Bc3 39. g4 a5 40.
Rb1 Nb4 41. Rd1 Nd5 42. Rxd5 cxd5 43. c6 1-0

[Event "Prva liga centralne Srbije 2013"]
[Site "Kragujevac"]
[Date "2013.09.18"]
[Round "6.1"]
[White "Dudukovic, Nikola"]
[Black "Markovic, Ivan J"]
[Result "1/2-1/2"]
[WhiteElo "2352"]
[BlackElo "2471"]
[PlyCount "50"]
[EventDate "2013.09.14"]

1. e4 e5 2. Nf3 d6 3. d4 exd4 4. Nxd4 Nf6 5. Nc3 Be7 6. Be2 O-O 7. O-O Re8 8.
f4 c5 9. Nb3 Nc6 10. Kh1 a5 11. Be3 a4 12. Nd2 a3 13. b3 Bf8 14. Bf3 Qa5 15.
Ne2 Be6 16. Bg1 g6 17. Ng3 Rad8 18. Nc4 Bxc4 19. bxc4 Qa4 20. Qe2 Na5 21. e5
dxe5 22. fxe5 Nxc4 23. Bxb7 Rxe5 24. Qf3 Bg7 25. Qf4 Re7 1/2-1/2

[Event "Prva liga centralne Srbije 2013"]
[Site "Kragujevac"]
[Date "2013.09.18"]
[Round "6.1"]
[White "Arsovic, Goran"]
[Black "Organdziev, Oliver"]
[Result "1/2-1/2"]
[WhiteElo "2449"]
[BlackElo "2308"]
[PlyCount "54"]
[EventDate "2013.09.14"]

1. d4 d5 2. c4 Bf5 3. cxd5 Bxb1 4. Qa4+ Qd7 5. Qxd7+ Nxd7 6. Rxb1 Ngf6 7. Nf3
Nb6 8. g3 Nbxd5 9. Bg2 e6 10. O-O c6 11. Ne5 Nd7 12. e4 N5b6 13. Nd3 a5 14. b3
Be7 15. a4 O-O 16. Be3 Rfe8 17. Rfd1 Rad8 18. Rbc1 Ba3 19. Ra1 Be7 20. Kf1 h6
21. Ke2 Bg5 22. f4 Be7 23. Rac1 f5 24. Nc5 Nxc5 25. dxc5 Nd7 26. e5 Nb8 27.
Rxd8 Bxd8 1/2-1/2

[Event "Prva liga centralne Srbije 2013"]
[Site "Kragujevac"]
[Date "2013.09.18"]
[Round "6.1"]
[White "Prelevic, Dusko"]
[Black "Todorovic, Jovan"]
[Result "0-1"]
[WhiteElo "2312"]
[BlackElo "2418"]
[PlyCount "81"]
[EventDate "2013.09.14"]

1. d4 Nf6 2. c4 e6 3. Nc3 d5 4. cxd5 exd5 5. Bg5 c6 6. e3 Bf5 7. Nf3 Nbd7 8.
Bd3 Bxd3 9. Qxd3 Be7 10. O-O O-O 11. Rab1 a5 12. h3 Re8 13. Bf4 Nb6 14. Ne5 Bd6
15. Bh2 Qe7 16. f4 Bb4 17. f5 Nc4 18. Rf3 Bxc3 19. Nxc4 dxc4 20. Qxc3 Nd5 21.
Qxc4 Nxe3 22. Qd3 Nd5 23. Bg3 f6 24. Re1 Qb4 25. Re6 Rxe6 26. fxe6 Re8 27. Qe4
Qe7 28. Ra3 b6 29. Rb3 Qxe6 30. Qxe6+ Rxe6 31. Kf2 Kf7 32. a3 b5 33. Rd3 g5 34.
Rd1 Kg6 35. Bb8 Kf5 36. Rd3 h5 37. Rd1 Re8 38. Bh2 Re3 39. Rc1 Rb3 40. Rc2 Ke4
41. Bg1 0-1

[Event "Prva liga centralne Srbije 2013"]
[Site "Kragujevac"]
[Date "2013.09.18"]
[Round "6.2"]
[White "Cabrilo, Goran"]
[Black "Tomic, Bosko"]
[Result "1/2-1/2"]
[WhiteElo "2388"]
[BlackElo "2447"]
[PlyCount "21"]
[EventDate "2013.09.14"]

1. e4 c5 2. Nf3 d6 3. d4 cxd4 4. Nxd4 Nf6 5. Nc3 Nc6 6. Be2 g6 7. Nb3 Bg7 8.
O-O O-O 9. Re1 Be6 10. Bf1 Rc8 11. Bg5 1/2-1/2

[Event "Prva liga centralne Srbije 2013"]
[Site "Kragujevac"]
[Date "2013.09.18"]
[Round "6.2"]
[White "Dimitrijevic, Srdjan"]
[Black "Milanovic, Slavisa"]
[Result "0-1"]
[WhiteElo "2307"]
[BlackElo "2419"]
[PlyCount "96"]
[EventDate "2013.09.14"]

1. d4 e6 2. Nf3 Nf6 3. e3 b6 4. Bd3 Bb7 5. Nbd2 c5 6. O-O d6 7. b3 Be7 8. Bb2
O-O 9. Qe2 Qc7 10. c4 Nbd7 11. Rac1 Rfe8 12. Rfd1 Bf8 13. Nf1 cxd4 14. Nxd4 a6
15. Bb1 Rac8 16. Ng3 g6 17. Nf3 Qb8 18. Ng5 Qa8 19. f3 d5 20. e4 dxc4 21. Rxc4
e5 22. Nf1 h6 23. Nh3 Rxc4 24. Qxc4 b5 25. Qe2 Nc5 26. Ne3 Bg7 27. Kh1 Qb8 28.
Rd2 Ne6 29. Qd1 h5 30. Nc2 Bh6 31. Rd3 Nxe4 32. fxe4 Bxe4 33. Rg3 Bg7 34. Re3
Qb7 35. Ne1 Bc6 36. Qe2 e4 37. Bxe4 Bxe4 38. Bxg7 Nxg7 39. Ng5 Bc6 40. Nef3
Rxe3 41. Qxe3 f6 42. Nh3 Qd7 43. Nf4 g5 44. Ne2 Nf5 45. Qc3 Bxf3 46. gxf3 Kg7
47. Ng3 Nxg3+ 48. hxg3 Qh3+ 0-1

[Event "Prva liga centralne Srbije 2013"]
[Site "Kragujevac"]
[Date "2013.09.18"]
[Round "6.2"]
[White "Ivanovic, Dragutin"]
[Black "Jovic, Stanoje"]
[Result "0-1"]
[WhiteElo "2360"]
[BlackElo "2328"]
[PlyCount "74"]
[EventDate "2013.09.14"]

1. d4 Nf6 2. c4 d6 3. Nc3 Bf5 4. Nf3 g6 5. g3 Bg7 6. Bg2 O-O 7. O-O Ne4 8. Na4
Bd7 9. Nh4 f5 10. Nc3 Nxc3 11. bxc3 Bc6 12. d5 Bd7 13. e4 fxe4 14. Bxe4 Na6 15.
Bd2 Nc5 16. Bg2 e5 17. Be3 b6 18. Nf3 h6 19. Nd2 Bf5 20. g4 Bd7 21. Be4 Qh4 22.
f3 h5 23. Bf2 Qh3 24. Bxc5 bxc5 25. gxh5 gxh5 26. Kh1 Bh6 27. Rg1+ Kh8 28. Rg3
Qh4 29. Rg6 Qf4 30. Rg2 Rg8 31. Re2 Rg7 32. Nf1 Rag8 33. Ne3 Bh3 34. Qe1 Qf6
35. f4 exf4 36. Rf2 Qe5 37. Ng2 Re7 0-1

[Event "Prva liga centralne Srbije 2013"]
[Site "Kragujevac"]
[Date "2013.09.18"]
[Round "6.2"]
[White "Stankovic, Ivan G"]
[Black "Blesic, Vaso"]
[Result "1-0"]
[WhiteElo "2238"]
[BlackElo "2375"]
[PlyCount "107"]
[EventDate "2013.09.14"]

1. e4 c5 2. c4 Nc6 3. Nc3 g6 4. g3 Bg7 5. Bg2 Nf6 6. Nge2 O-O 7. d3 a6 8. a4 d6
9. h3 Ne8 10. Be3 Nc7 11. d4 cxd4 12. Nxd4 Ne6 13. Nde2 Nc5 14. O-O Qb6 15. Rb1
Qb3 16. Nd5 Be6 17. Qxb3 Nxb3 18. Nef4 Bxd5 19. Nxd5 e6 20. Nb6 Rad8 21. Rfd1
Bd4 22. Rd3 Bxe3 23. fxe3 Nc5 24. Rd2 a5 25. Rbd1 Ne5 26. Rxd6 Rxd6 27. Rxd6
Kg7 28. Kf2 f6 29. Ke2 Kf7 30. Kd2 Ke7 31. Rd4 Nb3+ 32. Kc3 Nxd4 33. exd4 Nd7
34. Nxd7 Kxd7 35. b4 e5 36. d5 axb4+ 37. Kxb4 f5 38. h4 fxe4 39. Bxe4 Rf2 40.
h5 gxh5 41. a5 Rd2 42. Kc5 h6 43. Kb6 Rd4 44. Bf5+ Kd6 45. Kxb7 Rxc4 46. a6
Rb4+ 47. Kc8 h4 48. Bd7 Rc4+ 49. Bc6 hxg3 50. a7 Rxc6+ 51. dxc6 g2 52. a8=Q
g1=Q 53. Qb8+ Kxc6 54. Qb7+ 1-0

[Event "Prva liga centralne Srbije 2013"]
[Site "Kragujevac"]
[Date "2013.09.18"]
[Round "6.2"]
[White "Sandic, Vladeta"]
[Black "Krstic, Ranko"]
[Result "1-0"]
[WhiteElo "2326"]
[BlackElo "2203"]
[PlyCount "143"]
[EventDate "2013.09.14"]

1. d4 Nf6 2. c4 c5 3. d5 e5 4. Nc3 Bd6 5. e4 Bc7 6. Bd3 d6 7. Nge2 Ba5 8. f3
Nbd7 9. Bg5 h6 10. Be3 Nf8 11. Qd2 Ng6 12. g3 a6 13. a3 Bxc3 14. Nxc3 Rb8 15.
O-O Bh3 16. Rf2 Bd7 17. Kh1 O-O 18. Be2 Qe7 19. Kg2 Nh5 20. Kg1 Nf6 21. Rb1 Nh7
22. b4 b6 23. Bd3 Ng5 24. Kg2 Bh3+ 25. Kh1 Bd7 26. h4 Nh7 27. h5 Nh8 28. g4 f6
29. Qd1 Nf7 30. Rfb2 Rbd8 31. bxc5 bxc5 32. Rb7 Qe8 33. Kg2 Nhg5 34. Qc2 Ra8
35. Ne2 Bc8 36. R7b2 Qd8 37. Ng3 Qa5 38. Rb6 Bd7 39. Qb2 Bb5 40. Rb7 Ba4 41.
Nf5 Qd8 42. Qb6 Qxb6 43. R1xb6 Rfd8 44. Be2 Kf8 45. Bd2 a5 46. Rc7 Be8 47. Rbb7
a4 48. Bd1 Rdb8 49. Bc2 Nd8 50. Rxb8 Rxb8 51. Bc3 Ngf7 52. Ra7 Rb6 53. Kf2 Nb7
54. Ra8 Nfd8 55. Ke2 Kf7 56. Ne3 g6 57. hxg6+ Kxg6 58. Nd1 h5 59. gxh5+ Kg5 60.
h6 Kxh6 61. Nb2 Kg5 62. Ke3 Bd7 63. Nxa4 Bxa4 64. Rxa4 Nf7 65. Ra8 f5 66. a4
Nbd8 67. a5 f4+ 68. Kd3 Rb7 69. a6 Re7 70. Ba4 Kh4 71. Ba5 Kg3 72. Ke2 1-0

[Event "Prva liga centralne Srbije 2013"]
[Site "Kragujevac"]
[Date "2013.09.18"]
[Round "6.4"]
[White "Pantelic, Sasa"]
[Black "Parligras, Mircea-Emilian"]
[Result "0-1"]
[WhiteElo "2322"]
[BlackElo "2560"]
[PlyCount "76"]
[EventDate "2013.09.14"]

1. e4 c5 2. Nf3 d6 3. c3 Nf6 4. Bc4 e6 5. Qe2 Be7 6. d4 cxd4 7. cxd4 d5 8. Bb5+
Bd7 9. Bxd7+ Nbxd7 10. e5 Ne4 11. Nbd2 Nxd2 12. Bxd2 O-O 13. O-O Qb6 14. Bc3
Rac8 15. Rfd1 Rc6 16. Rd3 Rfc8 17. Qd2 Qc7 18. a4 a6 19. a5 Rc4 20. h4 Qd8 21.
Qf4 Nc5 22. Re3 Ne4 23. Nd2 Rxc3 24. Rxc3 Nxc3 25. bxc3 Bxh4 26. Nf3 Be7 27.
Rb1 Qd7 28. Qd2 Bd8 29. Qb2 Bxa5 30. Qxb7 Qxb7 31. Rxb7 Bxc3 32. Ra7 a5 33. Kf1
h6 34. g4 g5 35. Ke2 Rc4 36. Kd3 a4 37. Ra8+ Kg7 38. Ra7 Bb2 0-1

[Event "Prva liga centralne Srbije 2013"]
[Site "Kragujevac"]
[Date "2013.09.18"]
[Round "6.4"]
[White "Perunovic, Miodrag"]
[Black "Ivanov, Mikhail M"]
[Result "1/2-1/2"]
[WhiteElo "2418"]
[BlackElo "2398"]
[PlyCount "95"]
[EventDate "2013.09.14"]

1. d4 d5 2. c4 c6 3. Nf3 Nf6 4. e3 Bf5 5. Nc3 e6 6. Nh4 Be4 7. f3 Bg6 8. Qb3
Qc7 9. Bd2 Be7 10. g3 Bh5 11. Be2 Nfd7 12. Ng2 Nb6 13. cxd5 cxd5 14. Nf4 Bg6
15. Rc1 Nc6 16. Kf2 O-O 17. h4 h6 18. Nxg6 fxg6 19. Na4 Nd7 20. Qc2 Rf6 21. f4
Qd8 22. Kg2 Bd6 23. g4 Ne7 24. Bd3 Rc8 25. Nc3 Nf8 26. h5 g5 27. fxg5 hxg5 28.
Rcf1 Bb8 29. Be1 Rxf1 30. Kxf1 Nd7 31. Rh3 e5 32. Qb3 Nf6 33. dxe5 Bxe5 34. e4
Kh8 35. exd5 Nexd5 36. Bf5 Nf4 37. Rh2 Rc7 38. Rd2 Qe7 39. Bf2 Bxc3 40. bxc3
Qe8 41. Qd1 Qc6 42. Rd8+ Ng8 43. Be3 Qh1+ 44. Kf2 Qh4+ 45. Kf1 Qh1+ 46. Kf2
Qh2+ 47. Kf1 Qh1+ 48. Kf2 1/2-1/2

[Event "Prva liga centralne Srbije 2013"]
[Site "Kragujevac"]
[Date "2013.09.18"]
[Round "6.4"]
[White "Jesic, Dusan"]
[Black "Radovanovic, Dusan"]
[Result "1-0"]
[WhiteElo "2357"]
[BlackElo "2377"]
[PlyCount "71"]
[EventDate "2013.09.14"]

1. e4 c5 2. f4 d5 3. exd5 Qxd5 4. Nc3 Qd8 5. Bb5+ Bd7 6. Bxd7+ Qxd7 7. Nf3 Nc6
8. b3 e6 9. Bb2 Nge7 10. Ne5 Nxe5 11. fxe5 Nf5 12. Qf3 h5 13. O-O-O O-O-O 14.
Rhf1 Be7 15. Kb1 g5 16. h3 g4 17. hxg4 hxg4 18. Qf4 g3 19. Ne4 Rh4 20. Qf3 Rg8
21. d3 Rgg4 22. a4 Kc7 23. Rh1 Rf4 24. Qe2 Qe8 25. Rxh4 Rxh4 26. Qe1 Rh2 27.
Nxg3 Nh4 28. Ne4 Rxg2 29. Nf6 Qh8 30. Qa5+ Kb8 31. Rh1 Bxf6 32. exf6 b6 33. Qb5
Rg5 34. Qd7 Qh7 35. a5 Rd5 36. Be5+ 1-0

[Event "Prva liga centralne Srbije 2013"]
[Site "Kragujevac"]
[Date "2013.09.18"]
[Round "6.4"]
[White "Misojcic, Miroslav"]
[Black "Radivojevic, Ivan"]
[Result "0-1"]
[WhiteElo "2253"]
[BlackElo "2352"]
[PlyCount "48"]
[EventDate "2013.09.14"]

1. d4 Nf6 2. c4 e6 3. Nc3 Bb4 4. e3 O-O 5. Bd3 Bxc3+ 6. bxc3 d6 7. Ne2 e5 8. e4
Re8 9. f3 Nc6 10. O-O b6 11. Be3 Na5 12. Ng3 h6 13. Kh1 c5 14. f4 Ng4 15. Bg1
exd4 16. cxd4 cxd4 17. Bxd4 Nxh2 18. Kxh2 Qh4+ 19. Kg1 Qxg3 20. Rf3 Qh4 21. f5
Nc6 22. Bb2 Ne5 23. Rh3 Qg4 24. f6 Qxd1+ 0-1

[Event "Prva liga centralne Srbije 2013"]
[Site "Kragujevac"]
[Date "2013.09.18"]
[Round "6.5"]
[White "Tosic, Miroslav"]
[Black "Stojanovski, Dejan"]
[Result "1/2-1/2"]
[WhiteElo "2412"]
[BlackElo "2436"]
[PlyCount "20"]
[EventDate "2013.09.14"]

1. e4 c5 2. Nf3 Nc6 3. d4 cxd4 4. Nxd4 g6 5. c4 Nf6 6. Nc3 d6 7. Be2 Nxd4 8.
Qxd4 Bg7 9. Be3 O-O 10. Qd2 Be6 1/2-1/2

[Event "Prva liga centralne Srbije 2013"]
[Site "Kragujevac"]
[Date "2013.09.18"]
[Round "6.6"]
[White "Zivkovic, Sava"]
[Black "Kahrovic, Mersid"]
[Result "1-0"]
[WhiteElo "2353"]
[BlackElo "2298"]
[PlyCount "93"]
[EventDate "2013.09.14"]

1. e4 c6 2. d4 d5 3. e5 e6 4. Nf3 h6 5. Bd3 c5 6. c3 Nc6 7. h4 Bd7 8. h5 Qb6 9.
Rh4 cxd4 10. cxd4 Nb4 11. Be2 Ne7 12. Nc3 Nf5 13. Rg4 Rc8 14. Kf1 Be7 15. a3
Nc6 16. Na4 Qc7 17. b4 b6 18. Bd2 Nb8 19. Bd3 O-O 20. Nc3 Qb7 21. Kg1 Kh8 22.
Qe2 a6 23. Rf4 Rc7 24. Bb1 Rfc8 25. Qd3 Bg5 26. Nxg5 hxg5 27. Rg4 Nc6 28. Ne2
Nce7 29. a4 f6 30. f4 Ng8 31. fxg5 fxe5 32. dxe5 Nge7 33. Nf4 Kg8 34. Ng6 Nxg6
35. hxg6 Be8 36. Rf4 Bxg6 37. Qh3 Qc6 38. Bd3 b5 39. axb5 axb5 40. Ra5 Rb8 41.
Qf3 Rcb7 42. Be3 Qc3 43. Ba7 Ra8 44. Bxf5 Qe1+ 45. Kh2 Bxf5 46. Bf2 Rxa5 47.
Bxe1 1-0

[Event "Prva liga centralne Srbije 2013"]
[Site "Kragujevac"]
[Date "2013.09.18"]
[Round "6.6"]
[White "Dumic, Marko"]
[Black "Begus, Drasko"]
[Result "0-1"]
[WhiteElo "2266"]
[BlackElo "2345"]
[PlyCount "70"]
[EventDate "2013.09.14"]

1. d4 Nf6 2. Nf3 d6 3. g3 g6 4. Bg2 Bg7 5. O-O O-O 6. c4 Nc6 7. Nc3 Bf5 8. b3
e5 9. d5 Ne7 10. Bb2 Qd7 11. Qd2 Bh3 12. e4 Nh5 13. b4 Nf4 14. Bxh3 Nxh3+ 15.
Kh1 f5 16. Ng1 Nxg1 17. Kxg1 Rf7 18. f3 Raf8 19. Qe2 h5 20. Bc1 f4 21. Bd2 g5
22. c5 g4 23. fxg4 hxg4 24. Rac1 Ng6 25. c6 bxc6 26. dxc6 Qc8 27. Qc4 Kh7 28.
b5 Bh6 29. Qd3 fxg3 30. Rxf7+ Rxf7 31. Bxh6 gxh2+ 32. Kxh2 Rf3 33. Qd2 g3+ 34.
Kg1 Rf2 35. Rc2 Qh3 0-1